| 000 | 00894cam a22002774a 4500 | ||
|---|---|---|---|
| 001 | 16938595 | ||
| 003 | OSt | ||
| 005 | 20250610113925.0 | ||
| 008 | 110829s2013 njua b 001 0 eng | ||
| 010 | _a 2011036274 | ||
| 020 | _a9789352865291 | ||
| 035 | _a(OCoLC)ocn748578122 | ||
| 040 |
_aDLC _cDLC _dYDX _dYDXCP _dBWX _dCDX _dDLC |
||
| 042 | _apcc | ||
| 050 | 0 | 0 |
_aHD58.7 _b.J62 2013 |
| 082 | 0 | 0 |
_a302.35 _bJON/O |
| 100 | 1 |
_aJones, Gareth R. _91206 |
|
| 245 | 1 | 0 |
_aOrganizational theory, design, and change / _cGareth R. Jones. |
| 250 | _a7th ed. | ||
| 260 |
_aUpper Saddle River, NJ : _bPearson, _cc2013. |
||
| 300 |
_axxv, 499 p. : _bill. ; _c29 cm. |
||
| 504 | _aIncludes bibliographical references and indexes. | ||
| 650 | 0 | _aOrganizational behavior. | |
| 650 | 0 |
_aOrganizational behavior _vCase studies. |
|
| 942 |
_2ddc _cBK _h302.35 _iJON/O _k302.35 _mJON/O |
||
| 999 |
_c44508 _d44508 |
||